| 000 -LEADER |
| fixed length control field |
01102nam a2200229Ia 4500 |
| 001 - CONTROL NUMBER |
| control field |
16360 |
| 003 - CONTROL NUMBER IDENTIFIER |
| control field |
GE_BSU |
| 008 - FIXED-LENGTH DATA ELEMENTS--GENERAL INFORMATION |
| fixed length control field |
181216s||||||||xx |||||||||||||| ||und|| |
| 040 ## - CATALOGING SOURCE |
| Transcribing agency |
GE_BSU |
| 080 ## - UNIVERSAL DECIMAL CLASSIFICATION NUMBER |
| Universal Decimal Classification number |
347(479.22)(094.4.072) |
| 245 ## - TITLE STATEMENT |
| Title |
საქართველოს სამოქალაქო კოდექსის კომენტარი:5 წიგნად. ვალდებულებითი სამართალი წ.4 |
| 245 ## - TITLE STATEMENT |
| Remainder of title |
წიგნი მეოთხე:ვალდებულებითი სამართალი:კერძო ნაწილი :ტ.1 მუხლები 477-754. |
| 245 ## - TITLE STATEMENT |
| Statement of responsibility, etc. |
სარედ;კოლ;ლადო ჭანტურია(მთ.რედ)და სხვ. |
| 260 ## - PUBLICATION, DISTRIBUTION, ETC. |
| Place of publication, distribution, etc. |
თბილისი |
| 260 ## - PUBLICATION, DISTRIBUTION, ETC. |
| Name of publisher, distributor, etc. |
სამართალი |
| 260 ## - PUBLICATION, DISTRIBUTION, ETC. |
| Date of publication, distribution, etc. |
2000 |
| 300 ## - PHYSICAL DESCRIPTION |
| Extent |
464გვ;20სმ |
| 653 ## - INDEX TERM--UNCONTROLLED |
| Uncontrolled term |
სამართალი |
| 653 ## - INDEX TERM--UNCONTROLLED |
| Uncontrolled term |
საქართველოს სამოქალაქო კოდექსის კომენტარი |
| 942 ## - ADDED ENTRY ELEMENTS (KOHA) |
| Koha item type |
წიგნი |